书目信息 |
| 题名: |
大学英语语法手册
|
|
| 作者: | 张君 , 殷品 , 于秀娟 , 邵军 主编 | |
| 分册: | ||
| 出版信息: | 济南 山东人民出版社 2011.07 |
|
| 页数: | 193页 | |
| 开本: | 24cm | |
| 丛书名: | ||
| 单 册: | ||
| 中图分类: | H314 | |
| 科图分类: | ||
| 主题词: | 英语--ying yu--语法--高等学校--教材 | |
| 电子资源: | ||
| ISBN: | 978-7-209-05755-4 | |
| 000 | 01016nam0 2200277 450 | |
| 001 | 1179931871 | |
| 005 | 20111110221319.31 | |
| 010 | @a978-7-209-05755-4@dCNY26.00@z7-209-05755-2 | |
| 100 | @a20110830d2011 em y0chiy50 ea | |
| 101 | 0 | @achi@aeng |
| 102 | @aCN@b370000 | |
| 105 | @ak z 000yy | |
| 200 | 1 | @a大学英语语法手册@Ada xue ying yu yu fa shou ce@d= Handbook of college English grammar@f主编张君 ... [等]@zeng |
| 210 | @a济南@c山东人民出版社@d2011.07 | |
| 215 | @a193页@d24cm | |
| 304 | @a题名页题其余责任者: 殷品, 于秀娟, 邵军 | |
| 330 | @a本书分为24章, 主要内容包括: 英语语法基本概念 ; 名词 ; 冠词 ; 代词 ; 形容词 ; 副词 ; 数词 ; 连词 ; 介词 ; 感叹词 ; 动词 ; 时态等。 | |
| 510 | 1 | @aHandbook of college English grammar@zeng |
| 606 | 0 | @a英语@Aying yu@x语法@x高等学校@j教材 |
| 690 | @aH314@v4 | |
| 701 | 0 | @a张君@Azhang jun@4主编 |
| 701 | 0 | @a殷品@Ayin pin@4主编 |
| 701 | 0 | @a于秀娟@Ayu xiu juan@4主编 |
| 701 | 0 | @a邵军@Ashao jun@4主编 |
| 801 | 0 | @aCN@c20110830 |
| 905 | @dH314@eZ125 | |
| 大学英语语法手册= Handbook of college English grammar/主编张君 ... [等].-济南:山东人民出版社,2011.07 |
| 193页;24cm |
| ISBN 978-7-209-05755-4:CNY26.00 |
| 本书分为24章, 主要内容包括: 英语语法基本概念 ; 名词 ; 冠词 ; 代词 ; 形容词 ; 副词 ; 数词 ; 连词 ; 介词 ; 感叹词 ; 动词 ; 时态等。 |
| ● |
| 相关链接 |
|
|
|
正题名:大学英语语法手册
索取号:H314/Z125
 
预约/预借
| 序号 | 登录号 | 条形码 | 馆藏地/架位号 | 状态 | 备注 |
| 1 | 1221245 | 212212452 | 语言库209/209语言库 35排5列2层/ [索取号:H314/Z125] | 在馆 | |
| 2 | 1221246 | 212212461 | 语言库209/209语言库 35排5列2层/ [索取号:H314/Z125] | 在馆 | |
| 3 | 1221247 | 212212470 | 语言库209/209语言库 35排5列2层/ [索取号:H314/Z125] | 在馆 |